<?xml version="1.0" encoding="UTF-8"?>
<collection xmlns="http://www.loc.gov/MARC21/slim">
 <record>
  <leader>00615cam a2200169 7i4500</leader>
  <controlfield tag="001">0000040587</controlfield>
  <controlfield tag="005">20041206090000.0</controlfield>
  <datafield tag="020" ind1="#" ind2="0">
   <subfield code="a">0813810310 </subfield>
  </datafield>
  <datafield tag="090" ind1="0" ind2="0">
   <subfield code="a">SF 780.9 </subfield>
   <subfield code="b">A598</subfield>
  </datafield>
  <datafield tag="245" ind1="0" ind2="0">
   <subfield code="a">Animal disease surveillance and survey systems : </subfield>
   <subfield code="b">methods and applications  </subfield>
   <subfield code="c">edited by M.D. Salman.</subfield>
  </datafield>
  <datafield tag="260" ind1="#" ind2="#">
   <subfield code="a">Ames, Iowa: </subfield>
   <subfield code="b">Iowa State Press, </subfield>
   <subfield code="c">2003.</subfield>
  </datafield>
  <datafield tag="300" ind1="#" ind2="#">
   <subfield code="a">xii, 222 p.: </subfield>
   <subfield code="b">ill., maps; </subfield>
   <subfield code="c">24 cm..</subfield>
  </datafield>
  <datafield tag="650" ind1="0" ind2="0">
   <subfield code="a">Sentinel Surveillance -- </subfield>
   <subfield code="x">veterinary </subfield>
  </datafield>
  <datafield tag="650" ind1="0" ind2="0">
   <subfield code="a">Animal Diseases -- </subfield>
   <subfield code="x">epidemiology </subfield>
  </datafield>
  <datafield tag="650" ind1="0" ind2="0">
   <subfield code="a">Veterinary epidemiology </subfield>
  </datafield>
  <datafield tag="700" ind1="1" ind2="1">
   <subfield code="a">Salman, </subfield>
   <subfield code="h">Mowafak Dauod </subfield>
  </datafield>
  <datafield tag="999" ind1=" " ind2=" ">
   <subfield code="a">1100028692</subfield>
   <subfield code="b">Book</subfield>
   <subfield code="c">Open Shelf</subfield>
   <subfield code="e">KOLEKSI TERBUKA</subfield>
  </datafield>
 </record>
</collection>
